000 00425nam a2200181Ia 4500
001 1537
005 20260306143735.0
008 260306t2012||||xx |||||||||||||| ||spa||
041 _aESP
082 _a150.9
_bC28
100 _aCarpintero Capell, Helio
_eAUT
245 0 _aHistoria de la psicologĂ­a
260 _c2012
300 _a270 páginas :
_c30 cm.
650 _aGEN
654 _aCPS
942 _cLIB
_dJUS
_fJUS
_2ddc
_n
999 _c1537
_d1537